| 000 | 00363nam a22001337a 4500 | ||
|---|---|---|---|
| 999 |
_c7710 _d7710 |
||
| 008 | 190311b ||||| |||| 00| 0 eng d | ||
| 020 | _a9788184303469 | ||
| 082 | _a309 C49a 2016 | ||
| 100 | _aChaturvedi, Heramb | ||
| 245 | _aAllahabad school of history(1915-1955) | ||
| 260 |
_aNew Delhi ; _bOcean Books(P) Ltd, _c2016. |
||
| 300 |
_a248 p. _c23 cm. |
||
| 942 | _2ddc | ||